Rome reborn : (Record no. 1619)

000 -LEADER
fixed length control field 01264nam a22003617a 4500
001 - CONTROL NUMBER
control field 27766882
003 - CONTROL NUMBER IDENTIFIER
control field OSt
005 - DATE AND TIME OF LATEST TRANSACTION
control field 20210423060932.0
008 - FIXED-LENGTH DATA ELEMENTS--GENERAL INFORMATION
fixed length control field 980429n1993 xx u001 0 eng u
010 ## - LIBRARY OF CONGRESS CONTROL NUMBER
LC control number 92062275
020 ## - INTERNATIONAL STANDARD BOOK NUMBER
International Standard Book Number 0300054424
025 ## - OVERSEAS ACQUISITION NUMBER
Overseas acquisition number 000000078959
040 ## - CATALOGING SOURCE
Original cataloging agency BJO
Transcribing agency BJO
Modifying agency UIU
-- JNA
Language of cataloging eng
041 ## - LANGUAGE CODE
Language code of text/sound track or separate title eng
049 ## - LOCAL HOLDINGS (OCLC)
Holding library [F] YYEA
080 ## - UNIVERSAL DECIMAL CLASSIFICATION NUMBER
Universal Decimal Classification number 008
Item number G-71
096 ## - LOCALLY ASSIGNED NLM-TYPE CALL NUMBER (OCLC)
Classification number CB 361 R763 1993
100 ## - MAIN ENTRY--PERSONAL NAME
9 (RLIN) 1043
Personal name Grafton, Anthony
Relator term Editor
245 00 - TITLE STATEMENT
Title Rome reborn :
Remainder of title the Vatican Library and Renaissance culture /
Statement of responsibility, etc. / by: Yale University Press
260 ## - PUBLICATION, DISTRIBUTION, ETC.
Place of publication, distribution, etc. New Haven
Name of publisher, distributor, etc. Yale University Press
Date of publication, distribution, etc. c1993.
300 ## - PHYSICAL DESCRIPTION
Extent xxvi, 323 p.
Other physical details ill., facsims.
Dimensions 32 cm.
500 ## - GENERAL NOTE
General note "Published in association with the Library of Congress and the Vatican Library."
500 ## - GENERAL NOTE
General note Accompanies an exhibition at the Library of Congress, Washington, D.C., Jan. 6-Apr. 30, 1993.
500 ## - GENERAL NOTE
General note Includes index.
590 ## - LOCAL NOTE (RLIN)
Local note c. 1 930949 Ritt 5/12/93 $55.
650 #2 - SUBJECT ADDED ENTRY--TOPICAL TERM
Topical term or geographic name entry element Civilization
Geographic subdivision Rome
General subdivision exhibitions.
650 #0 - SUBJECT ADDED ENTRY--TOPICAL TERM
Topical term or geographic name entry element History of civilizations
9 (RLIN) 410
653 ## - INDEX TERM--UNCONTROLLED
Uncontrolled term ცივილიზაციის ისტორია
700 10 - ADDED ENTRY--PERSONAL NAME
Personal name Grafton, Anthony.
710 20 - ADDED ENTRY--CORPORATE NAME
Corporate name or jurisdiction name as entry element Library of Congress.
710 20 - ADDED ENTRY--CORPORATE NAME
Corporate name or jurisdiction name as entry element Biblioteca Apostolica Vaticana.
942 ## - ADDED ENTRY ELEMENTS (KOHA)
Source of classification or shelving scheme
Koha item type Books
Holdings
Withdrawn status Lost status Source of classification or shelving scheme Damaged status Not for loan Permanent location Current location Date acquired Inventory number Total Checkouts Full call number Barcode Date last seen Date last checked out Price effective from Koha item type
          Ken Walker International University Ken Walker International University 02/22/2021 1480 1 008 G-71 1480 02/20/2025 02/20/2025 02/22/2021 Books

Powered by Koha